000 00234nam a2200109Ia 4500
008 200302s9999 xx 000 0 und d
100 _aVal Clery
245 _aWindows
260 _bPenguin Books Ltd.
260 _c1978
300 _a142 P.,
999 _c71
_d71